Led Zeppelin Songs - Sudden Death - Statistics

General Stats
  • This quiz has been taken 217 times
  • The average score is 8 of 10
Answers on the Grid
Answers color-coded by a green-red scale on the quiz's grid according to % correct below.
Beyond the Iron Valley
Black Dog
Children of the Golden Dawn
Cry of the Ancient River
Echoes of the Winter King
Gates of the Crimson Mountain
Houses of the Holy
Immigrant Song
In the Light
Kashmir
Keeper of the Fallen Lanterns
Midnight Caravan Trail
Mountain of the Rising Storm
Riders of the Purple Flame
Rock and Roll
Serpent of the Sky Road
Shadow Over the Emerald Sea
Son of the Shattered Sun
Stairway to Heaven
Storms of the Waterwheel Road
Temple of the Wild Wind
The Dragon’s Silent Prayer
The Lemon Song
The Rover
Thunder Beneath the Sun
Traveler of the Silver Horizon
Valley of the Silver Moon
Wandering Through the Firestorm
Whole Lotta Love
Wizard of the High Plains
 
Answer Stats
Answer % Correct
Black Dog
95%
Immigrant Song
92%
Stairway to Heaven
92%
Kashmir
91%
Whole Lotta Love
91%
Rock and Roll
78%
Houses of the Holy
76%
The Lemon Song
70%
The Rover
61%
In the Light
53%
No matching quizzes found
Score Distribution
Percent of People with Each Score
Percentile by Number Answered
Your Score History
You have not taken this quiz